000 00552nam a2200193Ia 4500
005 20260429111957.0
008 260429s9999||||xx |||||||||||||| ||und||
020 _a9789819807369
041 _aEnglish
082 _a006.3
_bTHU
100 _aThuillard, Marc
245 0 _aProbing the past with data analytics and AI /
_cMarc Thuillard
260 _aSingapore :
_bWorld Scientific Publishing,
_c2025.
300 _axvi, 243 p.; hb
650 _a Artificial intelligence
650 _a Data analytics
650 _aComputer science
942 _cTB
999 _c51711
_d51711